00491nam a22001697a 450000500170000001000130001702000260003003500170005603500130007303700240008608200060011010000180011624500640013426000340019827000680023230000210030020170816114032.0 aBAC-CH25 a9780141346847c350.00 aB-560014-041 aB-665024 bBlue Berry/Venadpl aN aRiordan, Rick aPercy Jackson :cby Rick Riordanband the sea of monsters / aNew DelhibPuffin Booksc2013 a11 Community Centre, Panchsheel ParkbNew Delhie10017 (India) a264p.c20cm(pbk)